000 01161cam a22002891a 4500
001 rc 01000180
003 DLC
005 20260227111859.0
008 830420r18481848nyua 000 0 eng
010 _arc 01000180
020 _c$300.00
035 _a(OCoLC)9430405
040 _aDLC
_cCoD
_dDLC
042 _apremarc
043 _an-ust--
050 0 0 _aE78.S7
_bS7
100 1 _aSquier, E. G.
_q(Ephraim George),
_d1821-1888.
245 1 0 _aNew Mexico and California :
_bthe ancient monuments, and the aboriginal, semi-civilized nations of New Mexico and California : with an abstract of the early Spanish explorations and conquests in those regions, particularly those now falling within the territory of the United States /
_cby E.G. Squier.
260 _a[New York] :
_bAmerican review,
_c1848.
300 _a26 p. :
_bill. ;
_c24 cm.
500 _aCaption title.
500 _aAt head of title: From the American review for November, 1848.
651 0 _aSouthwest, New
_xAntiquities.
651 0 _aSouthwest, New
_xDiscovery and exploration.
651 0 _aSouthwest, New
_xHistory
_yTo 1848.
650 0 _aIndians of North America
_zSouthwest, New.
999 _c51743
_d51743